| 000 | 00883nam a22002411 4500 | ||
|---|---|---|---|
| 001 | 1695005 | ||
| 003 | GBCCL | ||
| 005 | 20241126110342.0 | ||
| 008 | 730102m19621964njua 000 0 eng | ||
| 010 | _a 62019679 | ||
| 040 |
_aDLC _cDLC _dDLC |
||
| 050 | 0 | 0 |
_aBR141 _b.H53 |
| 082 | 0 | 0 |
_a270.082 _bHIS |
| 245 | 0 | 2 | _aA History of Christianity |
| 260 |
_a[Englewood Cliffs, N.J., _bPrentice-Hall, _c1962-64. |
||
| 300 |
_a2v. _billus. _c26 cm. |
||
| 505 | 0 | _a[1] Readings in the history of the early and medieval church, edited by R. C. Petry.--[2] Readings in the history of the church from the Reformation to the present, edited by C. L. Manschreck. | |
| 650 | 0 |
_aChurch history _xSources. _92172 |
|
| 700 | 1 |
_aPetry, Ray C., _d1903- _eed. _92173 |
|
| 700 | 1 |
_aManschreck, Clyde Leonard, _d1917- _eed. _92174 |
|
| 906 |
_a7 _bcbc _corignew _du _eocip _f19 _gy-gencatlg |
||
| 942 |
_2ddc _cBK _010 |
||
| 999 |
_c608 _d608 |
||